ảnh hưởng của muối vào các thời kỳ sinh trưởng của lúa Nàng Trá

Shranjeno v:
Bibliografske podrobnosti
Glavni avtor: Mai Anh Kiệt
Format: Knjiga
Jezik:Undetermined
Izdano: Cần Thơ Viện Đại học Cần Thơ - Trường Cao Đẳng Nông Nghiệp 1973
Teme:
Oznake: Označite
Brez oznak, prvi označite!
Thư viện lưu trữ: Trung tâm Học liệu Trường Đại học Cần Thơ
LEADER 00632nam a2200181Ia 4500
001 CTU_33489
008 210402s9999 xx 000 0 und d
082 |a 631.82 
082 |b K308 
100 |a Mai Anh Kiệt 
245 0 |a ảnh hưởng của muối vào các thời kỳ sinh trưởng của lúa Nàng Trá 
245 0 |c Mai Anh Kiệt 
260 |a Cần Thơ 
260 |b Viện Đại học Cần Thơ - Trường Cao Đẳng Nông Nghiệp 
260 |c 1973 
650 |a rice, effect of salts on 
904 |i Minh, 991101 
980 |a Trung tâm Học liệu Trường Đại học Cần Thơ